000 00317nam a2200109Ia 4500
008 171211s9999 xx 000 0 und d
245 4 _aThe Gun Digest Book of Tactical Weapons Assembly/Disassembly
245 _cJ B Wood
260 _c2008
650 _xHobbies
856 _uhttp://down.ebook777.com/065/0896896927.pdf
999 _c350312
_d350312